LEADER 00951nam0 22002531i 450 001 RML0257104 005 20231121125716.0 010 $a8814060037 100 $a20121121d1996 ||||0itac50 ba 101 | $aita 102 $ait 181 1$6z01$ai $bxxxe 182 1$6z01$an 200 1 $a˜La œcorte di cassazione nell'ordinamento democratico$eatti del convegno tenutasi a roma il 14 febbraio 19 210 $aMilano $cGiuffre' $d1996 606 $aDiritto Processuale Generale$2FIR$3RMLC380272$9I 801 3$aIT$bIT-01$c20121121 850 $aIT-FR0098 899 $aBiblioteca Area Giuridico Economica$bFR0098 912 $aRML0257104 950 0$aBiblioteca Area Giuridico Economica$d 53DSG 10/0592$e 53VM 0000280485 VM barcode:GIU0006910. - Inventario:9520VM$fA $h20010423$i20121204 977 $a 53 996 $aCorte di Cassazione nell'ordinamento democratico$9626885 997 $aUNICAS LEADER 01034nam2 22003013i 450 001 NAP0424543 005 20251003044251.0 010 $a8840803734 100 $a20081211d1990 ||||0itac50 ba 101 | $aita 102 $ait 181 1$6z01$ai $bxxxe 182 1$6z01$an 200 0 $a1$fRobert Resnick, David Halliday 205 $a3. ed 210 $aMilano$cCEA$dstampa 1990 215 $aXI, 645 p.$d27 cm. 461 1$1001NAP0154626$12001 $aFisica$fRobert Resnick, David Halliday$gtraduzione a cura di Michelangelo Fazio$grevisione e presentazione [a cura di] Renato Malvano$v1 606 $aFisica$2FIR$3CFIC002396$9E 676 $a530$9FISICA$v14 676 $a530$9Fisica$v22 801 3$aIT$bIT-000000$c20081211 850 $aIT-BN0095 912 $aNAP0424543 950 2$aBiblioteca Centralizzata di Ateneo$cv. 1-2$d 01SALA DING 530 RES.fi$e 0102 0000002535 VMB A4(0001 v. 1$fY $h19930602$i19930602 977 $a 01 996 $a1$961339 997 $aUNISANNIO